000
00312nam a22001217a 4500
008
190211b ||||| |||| 00| 0 eng d
020
_a
9780008294373
100
_a
Fin, A.J,
245
_a
The woman in the window
260
_a
London ;
_b
HarperCollins Publishers,
_c
2018.
300
_a
427 p.
_c
20 cm.
942
_2
ddc
999
_c
7626
_d
7626